College Football Teams in 1885 - Statistics

General Stats
  • This quiz has been taken 7 times
  • The average score is 7 of 18
Answer Stats
Conference Answer % Correct
Independent Princeton
100%
Independent Yale
86%
Independent Michigan
71%
Independent Navy
71%
Independent Pennsylvania
71%
Independent Rutgers
57%
NEIF Dartmouth
43%
Independent Massachusetts
29%
NEIF Tufts
29%
Independent Wesleyan
29%
Independent Cincinnati
14%
Independent Fordham
14%
Independent Johns Hopkins
14%
Independent Lafayette
14%
NEIF Williams
14%
Independent Colorado College
0%
Independent Lehigh
0%
Independent Wabash
0%
No matching quizzes found
Score Distribution
Percent of People with Each Score
Percentile by Number Answered
Your Score History
You have not taken this quiz